| 000 | 00561nam a2200193 i 4500 | ||
|---|---|---|---|
| 001 | 159968 | ||
| 003 | ES-MaACL | ||
| 005 | 20250806051731.0 | ||
| 008 | 990531s1891 fr |||| | fre d | ||
| 040 |
_aCCPB | B _bspa _cCCPB | B |
||
| 100 | 1 |
_aMonin, Ernest. _9130059 |
|
| 245 | 1 | 2 |
_aL´Hygiène des riches / _cpar le E. Monin. |
| 260 |
_aParis : _bOctave Doin, éditeur, _c1891. |
||
| 300 |
_aXVI, 360 p. ; _c17 cm. |
||
| 597 | 1 | _aAntep. | |
| 650 | 7 |
_aEnfermedades _2embne _912257 |
|
| 852 |
_aES-MaACL _jD-1628 _z-- Enc. tela |
||
| 999 |
_c159968 _d159968 |
||